[Event "Stuttgart-chA op"]
[Site "Ditzingen"]
[Date "2015.05.14"]
[Round "1"]
[White "Novak, Josua"]
[Black "Weber, Klaus"]
[Result "0-1"]
[WhiteElo "1863"]
[BlackElo "2113"]
[PlyCount "50"]
[EventDate "2015.05.14"]
[EventType "swiss"]
[EventRounds "7"]
[EventCountry "GER"]
[SourceTitle "EXT 2018"]
[Source "ChessBase"]
[SourceDate "2017.10.13"]
[SourceVersion "1"]
[SourceVersionDate "2017.10.13"]
[SourceQuality "1"]

1. e4 e5 2. Nf3 d6 3. d4 exd4 4. Nxd4 Nf6 5. Bd3 c5 6. Nf3 Nc6 7. h3 Be7 8. c4 Nb4 9. Nc3 Nxd3+ 10. Qxd3 0-0 11. Bf4 Qb6 12. 0-0-0 Be6 13. g4 a6 14. g5 Nh5 15. Bh2 Qb4 16. Nd5 Bxd5 17. Qxd5 b5 18. Nd2 bxc4 19. Nxc4 Bxg5+ 20. Kb1 Nf6 21. Qxg5 Nxe4 22. Qc1 Nxf2 23. Rhf1 Nxd1 24. Rxd1 a5 25. Rxd6 Rad8 0-1

[Event "Forchheim op-B 13th"]
[Site "Forchheim"]
[Date "2014.10.03"]
[Round "1"]
[White "Wieczorek, Heinz"]
[Black "Novak, Josua"]
[Result "1-0"]
[WhiteElo "1825"]
[BlackElo "1937"]
[PlyCount "77"]
[EventDate "2014.10.03"]
[EventType "swiss"]
[EventRounds "5"]
[EventCountry "GER"]
[SourceTitle "EXT 2019"]
[Source "ChessBase"]
[SourceDate "2018.10.10"]
[SourceVersion "1"]
[SourceVersionDate "2018.10.10"]
[SourceQuality "1"]

1. e4 c5 2. Nf3 g6 3. d4 cxd4 4. Nxd4 Bg7 5. c4 Nc6 6. Nxc6 bxc6 7. Nc3 d6 8. Qc2 Nf6 9. Be2 0-0 10. 0-0 Bb7 11. Be3 Qa5 12. Rad1 d5 13. e5 Nd7 14. f4 e6 15. h4 f6 16. exf6 Nxf6 17. g4 dxc4 18. Bxc4 Nd5 19. Nxd5 cxd5 20. Bb3 Rac8 21. Qf2 a6 22. Rfe1 Rce8 23. Bb6 Qb5 24. Rc1 Rxf4 25. Qxf4 Qxb6+ 26. Kh2 Rf8 27. Qe3 Qd6+ 28. Kh3 Kh8 29. Rf1 d4 30. Qxe6 Qb4 31. Rxf8+ Qxf8 32. Qf7 Qxf7 33. Bxf7 Be5 34. Bc4 Kg7 35. Rf1 Bc6 36. Rf7+ Kh8 37. g5 Be4 38. Rf8+ Kg7 39. Rg8# 1-0

[Event "Wuerttemberg-ch KT"]
[Site "Gruenbach"]
[Date "2014.09.03"]
[Round "5"]
[White "Mayer, Dietmar"]
[Black "Novak, Josua"]
[Result "0-1"]
[WhiteElo "1772"]
[BlackElo "1937"]
[PlyCount "84"]
[EventDate "2014.08.30"]
[EventType "swiss"]
[EventRounds "9"]
[EventCountry "GER"]
[SourceTitle "EXT 2017"]
[Source "ChessBase"]
[SourceDate "2016.10.25"]
[SourceVersion "1"]
[SourceVersionDate "2016.10.25"]
[SourceQuality "1"]

1. d4 Nf6 2. c4 c5 3. d5 b5 4. cxb5 a6 5. bxa6 g6 6. e4 Nxe4 7. Qc2 Qa5+ 8. Nd2 Nf6 9. Bc4 Nxa6 10. Ngf3 Nb4 11. Qb3 d6 12. a3 Bg7 13. 0-0 0-0 14. Re1 Qc7 15. Rb1 Na6 16. Nf1 Bf5 17. Ra1 h6 18. Ng3 Bc8 19. Bd2 Re8 20. Bc3 Qb7 21. Qd1 Nc7 22. Ne4 Nxe4 23. Rxe4 Bxc3 24. bxc3 Qb2 25. Qe1 Kf8 26. Re2 Qb7 27. Rb1 Qa7 28. Ra2 e6 29. dxe6 Bxe6 30. Qe2 Bf5 31. Qd1 Bxb1 32. Qxd6+ Kg7 33. Qf4 Ne6 34. Qe5+ f6 35. Qe2 Bxa2 36. Bxa2 Qe7 37. g3 Ng5 38. Qc4 Nxf3+ 39. Kg2 Ne1+ 40. Kf1 Nf3 41. Kg2 Qb7 42. Kh3 Ng5+ 0-1

[Event "Stuttgart-chA int"]
[Site "Ditzingen"]
[Date "2013.05.11"]
[Round "6"]
[White "Kammer, Christoph"]
[Black "Novak, Josua"]
[Result "1-0"]
[WhiteElo "1968"]
[BlackElo "1922"]
[PlyCount "33"]
[EventDate "2013.05.09"]
[EventType "swiss"]
[EventRounds "7"]
[EventCountry "GER"]
[SourceTitle "EXT 2014"]
[Source "ChessBase"]
[SourceDate "2013.11.20"]
[SourceVersion "1"]
[SourceVersionDate "2013.11.20"]
[SourceQuality "1"]

1. e4 c5 2. Nc3 g6 3. d4 cxd4 4. Qxd4 Nf6 5. Nf3 Bg7 6. e5 Nc6 7. Qa4 Ng8 8. Bf4 Nh6 9. h3 0-0 10. 0-0-0 a6 11. g4 Rb8 12. Qe4 f6 13. Bc4+ Kh8 14. exf6 Rxf6 15. Bxb8 b5 16. g5 Rf5 17. Qxc6 1-0

[Event "Stuttgart-chA int"]
[Site "Ditzingen"]
[Date "2013.05.10"]
[Round "3"]
[White "Novak, Josua"]
[Black "Schoembs, Oliver"]
[Result "1-0"]
[WhiteElo "1922"]
[BlackElo "1870"]
[PlyCount "79"]
[EventDate "2013.05.09"]
[EventType "swiss"]
[EventRounds "7"]
[EventCountry "GER"]
[SourceTitle "EXT 2014"]
[Source "ChessBase"]
[SourceDate "2013.11.20"]
[SourceVersion "1"]
[SourceVersionDate "2013.11.20"]
[SourceQuality "1"]

1. e4 c5 2. Nf3 a6 3. Nc3 e6 4. d4 cxd4 5. Nxd4 Bb4 6. Bd3 Bxc3+ 7. bxc3 d5 8. 0-0 dxe4 9. Bxe4 Nf6 10. Bf3 0-0 11. Bg5 Nbd7 12. Qd2 Qc7 13. Rab1 Rb8 14. Bf4 e5 15. Bg3 Re8 16. Nf5 Nf8 17. Qd6 Qxd6 18. Nxd6 Re6 19. Nxb7 Bxb7 20. Bxb7 N8d7 21. c4 Rb6 22. Rxb6 Nxb6 23. Bxa6 Ra8 24. Rd1 Kf8 25. c5 Rxa6 26. cxb6 Rxb6 27. Bxe5 Nd7 28. Bd4 Ra6 29. Ra1 Nb6 30. Kf1 Nd5 31. g3 Nb4 32. Bc5+ Ke8 33. Bxb4 Rc6 34. c3 g6 35. a4 Kd7 36. a5 Kc8 37. Re1 Rf6 38. Re8+ Kb7 39. Re7+ Ka6 40. Rd7 1-0

[Event "Stuttgart-chA int"]
[Site "Ditzingen"]
[Date "2013.05.09"]
[Round "1"]
[White "Novak, Josua"]
[Black "Nabavi, Parwis"]
[Result "0-1"]
[WhiteElo "1922"]
[BlackElo "2139"]
[PlyCount "62"]
[EventDate "2013.05.09"]
[EventType "swiss"]
[EventRounds "7"]
[EventCountry "GER"]
[SourceTitle "EXT 2014"]
[Source "ChessBase"]
[SourceDate "2013.11.20"]
[SourceVersion "1"]
[SourceVersionDate "2013.11.20"]
[SourceQuality "1"]

1. e4 e5 2. Nf3 Nc6 3. d4 exd4 4. Nxd4 Nf6 5. Nxc6 bxc6 6. e5 Qe7 7. Qe2 Nd5 8. c4 Nb6 9. Nc3 Qe6 10. b3 a5 11. f4 a4 12. Bb2 axb3 13. axb3 Rxa1+ 14. Bxa1 Bb4 15. Qe4 d5 16. cxd5 Nxd5 17. Qf3 Qf5 18. Bd3 Qxf4 19. Qxf4 Nxf4 20. Be4 Nd5 21. Kd2 Be6 22. Kc2 Ke7 23. Ne2 Ne3+ 24. Kd3 Ng4 25. Nd4 Nxe5+ 26. Ke2 Ra8 27. Nxc6+ Nxc6 28. Bxc6 Ra2+ 29. Kd3 g6 30. Bc3 Bf5+ 31. Kc4 Bxc3 0-1

[Event "Stuttgart-chA int"]
[Site "Ditzingen"]
[Date "2012.05.17"]
[Round "2"]
[White "Novak, Josua"]
[Black "Bodrozic, Tomislav"]
[Result "0-1"]
[WhiteElo "1884"]
[BlackElo "2195"]
[PlyCount "52"]
[EventDate "2012.05.17"]
[EventType "swiss"]
[EventRounds "7"]
[EventCountry "GER"]
[SourceTitle "EXT 2018"]
[Source "ChessBase"]
[SourceDate "2017.10.13"]
[SourceVersion "1"]
[SourceVersionDate "2017.10.13"]
[SourceQuality "1"]

1. e4 c5 2. Nf3 d6 3. d4 cxd4 4. Nxd4 Nf6 5. Nc3 a6 6. f3 e5 7. Nb3 Be6 8. Be3 Be7 9. Qd2 0-0 10. 0-0-0 b5 11. g4 b4 12. Nd5 Bxd5 13. exd5 a5 14. Kb1 Qc7 15. g5 Nfd7 16. Qf2 Rc8 17. Bd3 a4 18. Nd2 a3 19. b3 Qc3 20. Nc4 Rxc4 21. Bc1 Rc7 22. Qh4 g6 23. Bc4 e4 24. Qxe4 Ne5 25. Be2 Bxg5 26. f4 Bf6 0-1

[Event "Pfalz op 03rd"]
[Site "Neustadt an der Weinstrasse"]
[Date "2012.03.03"]
[Round "7"]
[White "Novak, Josua"]
[Black "Schmidt, Tobias"]
[Result "1-0"]
[WhiteElo "1912"]
[BlackElo "1695"]
[PlyCount "163"]
[EventDate "2012.02.17"]
[EventType "swiss"]
[EventRounds "9"]
[EventCountry "GER"]
[SourceTitle "EXT 2013"]
[Source "ChessBase"]
[SourceDate "2012.11.22"]
[SourceVersion "1"]
[SourceVersionDate "2012.11.22"]
[SourceQuality "1"]

1. e4 e6 2. d4 d5 3. Nc3 Bb4 4. e5 c5 5. a3 Bxc3+ 6. bxc3 Qc7 7. Qg4 Ne7 8. Qxg7 Rg8 9. Qxh7 cxd4 10. Ne2 Nbc6 11. f4 Bd7 12. Qd3 dxc3 13. Qxc3 Nf5 14. Rb1 0-0-0 15. Rg1 Rg7 16. g4 Nfe7 17. Be3 Rdg8 18. h3 Kb8 19. Bc5 Nc8 20. Nd4 Nxd4 21. Bxd4 Qxc3+ 22. Bxc3 Ne7 23. Kf2 Nc6 24. Ke3 Kc7 25. Bd3 Rd8 26. Rg3 Rgg8 27. Bd4 Nxd4 28. Kxd4 Rh8 29. Rh1 Rh4 30. Rh2 Rg8 31. Ke3 Kd8 32. g5 Ke7 33. Rg4 Rgh8 34. Rxh4 Rxh4 35. Kf3 Kf8 36. Kg3 Rh8 37. h4 Be8 38. h5 Kg7 39. h6+ Kf8 40. Kg4 Ke7 41. Rh3 Kf8 42. Be2 Ke7 43. Rc3 Bc6 44. Ba6 Kd7 45. Be2 Ke7 46. Kh5 Kf8 47. Ba6 Kg8 48. Bd3 a6 49. h7+ Kg7 50. Kg4 Rc8 51. a4 Rd8 52. a5 Rc8 53. Rc5 Rd8 54. Kg3 Rc8 55. Kf2 Rd8 56. Ke3 Rd7 57. Kd4 Rd8 58. c3 Rd7 59. Bxa6 bxa6 60. h8Q+ Kxh8 61. Rxc6 Ra7 62. Kc5 Kg7 63. Kb6 Rd7 64. Kxa6 Kg6 65. Kb6 d4 66. Rd6 Rxd6+ 67. exd6 dxc3 68. d7 c2 69. d8Q c1Q 70. Qf6+ Kh5 71. Qxf7+ Kh4 72. g6 Qb2+ 73. Kc6 Qc3+ 74. Kd6 Qb4+ 75. Kxe6 Qc4+ 76. Ke5 Qc5+ 77. Kf6 Qd4+ 78. Ke7 Qa7+ 79. Kf8 Qa8+ 80. Qe8 Qxa5 81. g7 Qc5+ 82. Qe7+ 1-0

[Event "Pfalz op 03rd"]
[Site "Neustadt an der Weinstrasse"]
[Date "2012.02.20"]
[Round "4"]
[White "Novak, Josua"]
[Black "Bonk, Andras"]
[Result "1/2-1/2"]
[WhiteElo "1912"]
[BlackElo "1935"]
[PlyCount "59"]
[EventDate "2012.02.17"]
[EventType "swiss"]
[EventRounds "9"]
[EventCountry "GER"]
[SourceTitle "EXT 2013"]
[Source "ChessBase"]
[SourceDate "2012.11.22"]
[SourceVersion "1"]
[SourceVersionDate "2012.11.22"]
[SourceQuality "1"]

1. e4 c5 2. Nf3 Nc6 3. d4 cxd4 4. Nxd4 Nf6 5. Nc3 e6 6. Ndb5 d6 7. Bf4 e5 8. Bg5 a6 9. Na3 b5 10. Nd5 Be7 11. Bxf6 Bxf6 12. c3 Bg5 13. Nc2 0-0 14. a4 bxa4 15. Rxa4 Be6 16. Rxa6 Rxa6 17. Bxa6 Qa5 18. Be2 f5 19. Nde3 Qc7 20. exf5 Bxf5 21. Qd5+ Kh8 22. Nxf5 Rxf5 23. 0-0 Rf8 24. Bf3 Ne7 25. Qb7 Qxb7 26. Bxb7 Rb8 27. Be4 Rxb2 28. Ra1 g6 29. c4 Kg7 30. g3 1/2-1/2

[Event "Pfalz op 03rd"]
[Site "Neustadt an der Weinstrasse"]
[Date "2012.02.20"]
[Round "3"]
[White "Novak, Josua"]
[Black "Mertens, Gottfried"]
[Result "0-1"]
[WhiteElo "1912"]
[BlackElo "1993"]
[PlyCount "36"]
[EventDate "2012.02.17"]
[EventType "swiss"]
[EventRounds "9"]
[EventCountry "GER"]
[SourceTitle "EXT 2013"]
[Source "ChessBase"]
[SourceDate "2012.11.22"]
[SourceVersion "1"]
[SourceVersionDate "2012.11.22"]
[SourceQuality "1"]

1. e4 e6 2. d4 d5 3. Nc3 Nf6 4. e5 Ne4 5. Nxe4 dxe4 6. f3 c5 7. Be3 cxd4 8. Bxd4 Nc6 9. Bc3 Qb6 10. Qd2 e3 11. Qd3 Bc5 12. Qb5 e2 13. Qxe2 Bxg1 14. 0-0-0 Qe3+ 15. Kb1 Qxe2 16. Bxe2 Bb6 17. Bb5 0-0 18. Rd6 Bc7 0-1

[Event "Pfalz op 03rd"]
[Site "Neustadt an der Weinstrasse"]
[Date "2012.02.17"]
[Round "1"]
[White "Kusnetsov, Mark"]
[Black "Novak, Josua"]
[Result "1-0"]
[WhiteElo "2181"]
[BlackElo "1912"]
[PlyCount "57"]
[EventDate "2012.02.17"]
[EventType "swiss"]
[EventRounds "9"]
[EventCountry "GER"]
[SourceTitle "EXT 2013"]
[Source "ChessBase"]
[SourceDate "2012.11.22"]
[SourceVersion "1"]
[SourceVersionDate "2012.11.22"]
[SourceQuality "1"]

1. e4 c5 2. Nc3 g6 3. g3 Bg7 4. Bg2 Nc6 5. Nge2 e6 6. 0-0 Nge7 7. d3 0-0 8. Be3 b6 9. d4 cxd4 10. Nxd4 a6 11. f4 Bb7 12. Nb3 Qc7 13. Qd2 Rad8 14. Qf2 Nc8 15. Rad1 N6e7 16. Bd4 d6 17. Rd2 Rd7 18. Rfd1 Rfd8 19. Bxg7 Kxg7 20. Qd4+ Kg8 21. Qf6 b5 22. h4 h5 23. Nd4 Qb6 24. Kh2 d5 25. Nf3 dxe4 26. Rxd7 Rxd7 27. Ne5 Nd5 28. Nxd5 exd5 29. Nxd7 1-0

[Event "Brno op 1st"]
[Site "Brno"]
[Date "2010.11.17"]
[Round "5"]
[White "Novak, Josua"]
[Black "Baraniuk, Andrej"]
[Result "1/2-1/2"]
[WhiteElo "1886"]
[BlackElo "1630"]
[PlyCount "154"]
[EventDate "2010.11.14"]
[EventType "swiss"]
[EventRounds "9"]
[EventCountry "CZE"]
[SourceTitle "EXT 2011"]
[Source "ChessBase"]
[SourceDate "2010.11.26"]
[SourceVersion "1"]
[SourceVersionDate "2010.11.26"]
[SourceQuality "1"]

1. e4 c5 2. Nf3 Nc6 3. d4 cxd4 4. Nxd4 Nf6 5. Nc3 e5 6. Ndb5 d6 7. Bg5 a6 8. Na3 b5 9. Nd5 Be7 10. Bxf6 gxf6 11. Bd3 Be6 12. c4 Qa5+ 13. Qd2 Qxd2+ 14. Kxd2 Bxd5 15. cxb5 Nb4 16. exd5 Nxd3 17. Kxd3 axb5 18. Nxb5 Kd7 19. Rhc1 Rhc8 20. Rxc8 Rxc8 21. b4 f5 22. f3 e4+ 23. fxe4 fxe4+ 24. Kxe4 Rc4+ 25. Kf3 Rxb4 26. a4 Bd8 27. Ra2 Ba5 28. g4 Bd8 29. h3 h6 30. Kg3 Bg5 31. Ra3 Bd8 32. Rf3 Ke7 33. Rf4 Rb3+ 34. Kg2 Rb2+ 35. Kg3 Rb3+ 36. Rf3 Rb4 37. Na7 Rxa4 38. Nc6+ Ke8 39. Nxd8 Kxd8 40. Rxf7 Rd4 41. Rh7 Rxd5 42. Rxh6 Ke7 43. Kf4 Rd4+ 44. Kf5 Rd5+ 45. Ke4 Re5+ 46. Kf4 Rd5 47. g5 Kf7 48. Rf6+ Kg7 49. Kg4 Rd4+ 50. Rf4 Rd1 51. h4 d5 52. Kf5 d4 53. Ke4 d3 54. Ke3 Kg6 55. Rd4 Kh5 56. Rxd3 Re1+ 57. Kf2 Re4 58. Rh3 Ra4 59. Rh1 Ra3 60. Ke2 Rb3 61. Kd2 Ra3 62. Kc2 Rg3 63. Kb2 Rf3 64. Ka2 Rg3 65. Kb2 Rf3 66. Kc2 Rg3 67. Kd2 Ra3 68. Ke2 Rb3 69. Kf2 Ra3 70. Kg2 Rb3 71. Rh3 Rb2+ 72. Kf3 Rb3+ 73. Kg2 Rb2+ 74. Kg3 Rb3+ 75. Kg2 Rb2+ 76. Kg3 Rb3+ 77. Kg2 Rb2+ 1/2-1/2

[Event "Brno op 1st"]
[Site "Brno"]
[Date "2010.11.15"]
[Round "3"]
[White "Novak, Josua"]
[Black "Karhanek, Pavel"]
[Result "0-1"]
[WhiteElo "1886"]
[BlackElo "2123"]
[PlyCount "46"]
[EventDate "2010.11.14"]
[EventType "swiss"]
[EventRounds "9"]
[EventCountry "CZE"]
[SourceTitle "EXT 2011"]
[Source "ChessBase"]
[SourceDate "2010.11.26"]
[SourceVersion "1"]
[SourceVersionDate "2010.11.26"]
[SourceQuality "1"]

1. e4 d5 2. exd5 Qxd5 3. Nc3 Qd6 4. d4 Nf6 5. Nf3 a6 6. g3 Bf5 7. Ne5 Nc6 8. Nxc6 Qxc6 9. d5 Qd7 10. h4 e6 11. dxe6 Qxe6+ 12. Be2 Rd8 13. Bd2 Bb4 14. Qc1 0-0 15. Be3 Nd5 16. Bc4 Qe4 17. Bxd5 Rxd5 18. 0-0 Bxc3 19. bxc3 Qf3 20. Kh2 Qg4 21. Rh1 Be4 22. Rg1 Rh5 23. Qd1 Rxh4+ 0-1

[Event "Brno op 1st"]
[Site "Brno"]
[Date "2010.11.15"]
[Round "2"]
[White "Spreer, Lutz"]
[Black "Novak, Josua"]
[Result "0-1"]
[WhiteElo "1655"]
[BlackElo "1886"]
[PlyCount "46"]
[EventDate "2010.11.14"]
[EventType "swiss"]
[EventRounds "9"]
[EventCountry "CZE"]
[SourceTitle "EXT 2011"]
[Source "ChessBase"]
[SourceDate "2010.11.26"]
[SourceVersion "1"]
[SourceVersionDate "2010.11.26"]
[SourceQuality "1"]

1. e4 c5 2. Nf3 g6 3. d4 cxd4 4. Nxd4 Nc6 5. Nc3 Bg7 6. Be3 Nf6 7. f3 0-0 8. Qd2 d5 9. 0-0-0 Nxd4 10. Bxd4 dxe4 11. fxe4 Be6 12. h4 h5 13. Be2 Qa5 14. a3 Rfd8 15. Qf4 Rac8 16. Rhg1 Rxd4 17. Rxd4 Ng4 18. Ra4 Qb6 19. Qf1 Rxc3 20. Qe1 Rxc2+ 21. Kxc2 Qxb2+ 22. Kd3 Qb3+ 23. Kd2 Qc3+ 0-1

[Event "Stuttgart-chA int"]
[Site "Ditzingen"]
[Date "2010.05.14"]
[Round "3"]
[White "Janata, Andreas"]
[Black "Novak, Josua"]
[Result "1-0"]
[WhiteElo "2002"]
[BlackElo "1865"]
[PlyCount "69"]
[EventDate "2010.05.13"]
[EventType "swiss"]
[EventRounds "7"]
[EventCountry "GER"]
[SourceTitle "EXT 2018"]
[Source "ChessBase"]
[SourceDate "2017.10.13"]
[SourceVersion "1"]
[SourceVersionDate "2017.10.13"]
[SourceQuality "1"]

1. d4 Nf6 2. c4 c5 3. d5 b5 4. cxb5 a6 5. Nc3 axb5 6. e4 d6 7. Bxb5+ Bd7 8. Qe2 g6 9. Nf3 Bxb5 10. Qxb5+ Qd7 11. 0-0 Bg7 12. Bf4 0-0 13. Rfe1 Qxb5 14. Nxb5 Nh5 15. Bc1 Nd7 16. a4 Rfb8 17. Ra3 Nb6 18. b3 c4 19. a5 Nxd5 20. bxc4 Nb4 21. Re2 Rc8 22. g4 Nf6 23. Bd2 Na6 24. e5 dxe5 25. Nxe5 e6 26. Bg5 Ne8 27. Nd7 Rxc4 28. h3 Rac8 29. Nb6 Rc1+ 30. Bxc1 Rxc1+ 31. Kg2 Nf6 32. Rd2 h6 33. Rd8+ Kh7 34. Ra8 Nc5 35. a6 1-0

[Event "Stuttgart-chA int"]
[Site "Ditzingen"]
[Date "2010.05.13"]
[Round "2"]
[White "Novak, Josua"]
[Black "Klaus, Daniel"]
[Result "1/2-1/2"]
[WhiteElo "1865"]
[BlackElo "1985"]
[PlyCount "45"]
[EventDate "2010.05.13"]
[EventType "swiss"]
[EventRounds "7"]
[EventCountry "GER"]
[SourceTitle "EXT 2018"]
[Source "ChessBase"]
[SourceDate "2017.10.13"]
[SourceVersion "1"]
[SourceVersionDate "2017.10.13"]
[SourceQuality "1"]

1. e4 c5 2. Nf3 e6 3. d4 cxd4 4. Nxd4 a6 5. Nc3 Qc7 6. Be2 Nf6 7. Be3 Be7 8. 0-0 0-0 9. f4 d6 10. Bf3 Bd7 11. Kh1 Nc6 12. g4 Nxd4 13. Bxd4 Bc6 14. g5 Nd7 15. Bg2 b5 16. Qh5 f5 17. Rf3 g6 18. Qh6 Rf7 19. Rh3 Nf8 20. Nd5 Qb7 21. Re1 e5 22. exf5 Bxd5 23. Bxd5 1/2-1/2

[Event "Marianske Lazne op"]
[Site "Marianske Lazne"]
[Date "2010.01.16"]
[Round "1"]
[White "Snorek, Milan"]
[Black "Novak, Josua"]
[Result "1/2-1/2"]
[WhiteElo "2146"]
[BlackElo "1847"]
[PlyCount "92"]
[EventDate "2010.01.16"]
[EventType "swiss"]
[EventRounds "9"]
[EventCountry "CZE"]
[SourceTitle "CBM 134 Extra"]
[Source "ChessBase"]
[SourceDate "2010.03.03"]
[SourceVersion "1"]
[SourceVersionDate "2010.03.03"]
[SourceQuality "1"]

1. d4 Nf6 2. Nf3 c5 3. d5 b5 4. c4 g6 5. g3 Bg7 6. Bg2 d6 7. 0-0 0-0 8. cxb5 a6 9. Nc3 axb5 10. Nxb5 Ba6 11. Nc3 Nbd7 12. h3 Nb6 13. Rb1 Bc4 14. b3 Nfxd5 15. Nxd5 Bxd5 16. Qc2 Ra6 17. e4 Bc6 18. Re1 Qa8 19. a3 Nd7 20. Nh4 Rb8 21. Kh2 Rab6 22. Bf1 e6 23. Bf4 Ne5 24. Bxe5 Bxe5 25. Nf3 Bg7 26. Nd2 Bf8 27. a4 Qb7 28. f4 Rb4 29. h4 Rd4 30. Re3 Qb4 31. Bd3 Bh6 32. Nf3 Bxa4 33. bxa4 Qxb1 34. Qxb1 Rxb1 35. Nxd4 cxd4 36. Re2 Ra1 37. Bb5 Bg7 38. Rc2 Ra3 39. Kg2 Rc3 40. Rd2 e5 41. a5 Rc5 42. Rb2 d3 43. a6 Rc2+ 44. Rxc2 dxc2 45. a7 c1Q 46. a8Q+ Bf8 1/2-1/2

[Event "Marianske Lazne op"]
[Site "Marianske Lazne"]
[Date "2009.01.20"]
[Round "4"]
[White "Novak, Josua"]
[Black "Bauch, Ralf"]
[Result "1-0"]
[WhiteElo "1829"]
[BlackElo "2103"]
[PlyCount "31"]
[EventDate "2009.01.17"]
[EventType "swiss"]
[EventRounds "9"]
[EventCountry "CZE"]
[SourceTitle "CBM 128 Extra"]
[Source "ChessBase"]
[SourceDate "2009.03.05"]
[SourceVersion "2"]
[SourceVersionDate "2009.03.25"]
[SourceQuality "1"]

1. e4 d5 2. exd5 Qxd5 3. Nc3 Qa5 4. d4 c6 5. Nf3 Nf6 6. Bd2 Qc7 7. Bc4 e6 8. Qe2 Be7 9. Ng5 0-0 10. 0-0-0 b5 11. Bd3 Nbd7 12. d5 b4 13. dxc6 bxc3 14. Bxc3 Bd6 15. cxd7 Bf4+ 16. Kb1 1-0

[Event "Stuttgart-chB int"]
[Site "Ditzingen"]
[Date "2008.05.02"]
[Round "4"]
[White "Novak, Josua"]
[Black "Matic, Marijo"]
[Result "1-0"]
[WhiteElo "1653"]
[BlackElo "1462"]
[PlyCount "69"]
[EventDate "2008.05.01"]
[EventType "swiss"]
[EventRounds "7"]
[EventCountry "GER"]
[SourceTitle "EXT 2018"]
[Source "ChessBase"]
[SourceDate "2017.10.13"]
[SourceVersion "1"]
[SourceVersionDate "2017.10.13"]
[SourceQuality "1"]

1. e4 c5 2. Nf3 e6 3. d4 cxd4 4. Nxd4 Nc6 5. Nc3 g6 6. Ndb5 d6 7. Bf4 e5 8. Bg5 f6 9. Nd5 fxg5 10. Nbc7+ Kf7 11. Nxa8 Nf6 12. Nac7 Nd4 13. Bc4 Nxd5 14. Nxd5 Be6 15. c3 Nc6 16. Qf3+ Kg7 17. 0-0-0 g4 18. Qd3 Kf7 19. Ne3 Qe7 20. Bxe6+ Qxe6 21. Qd5 h5 22. Kc2 Be7 23. h3 gxh3 24. Rxh3 Rc8 25. Qxe6+ Kxe6 26. Nd5 Bd8 27. f4 Kd7 28. Rg3 g5 29. fxg5 Nd4+ 30. Rxd4 exd4 31. g6 dxc3 32. g7 cxb2+ 33. Kxb2 Bb6 34. Nxb6+ axb6 35. g8Q 1-0

[Event "Erlangen op 18th"]
[Site "Erlangen"]
[Date "2003.??.??"]
[Round "2"]
[White "Novak, Josua"]
[Black "Dreiseitel, Werner"]
[Result "1/2-1/2"]
[WhiteElo "1565"]
[BlackElo "1236"]
[PlyCount "28"]
[EventDate "2003.11.??"]
[EventType "swiss"]
[EventRounds "5"]
[EventCountry "GER"]
[SourceTitle "EXT 2005"]
[Source "ChessBase"]
[SourceDate "2004.11.15"]
[SourceVersion "1"]
[SourceVersionDate "2004.11.15"]
[SourceQuality "1"]

1. e4 e5 2. f4 Nc6 3. Nf3 exf4 4. d4 Nf6 5. e5 Nd5 6. Bc4 Ne3 7. Bxe3 fxe3 8. Qd3 d5 9. exd6 Bxd6 10. Qxe3+ Qe7 11. Qxe7+ Nxe7 12. 0-0 f6 13. Nc3 Bf5 14. Rfe1 0-0-0 1/2-1/2

[Event "Nuremberg Zabo op 04th"]
[Site "Nuremberg"]
[Date "2002.09.27"]
[Round "1"]
[White "Novak, Josua"]
[Black "Goetz, Dieter"]
[Result "0-1"]
[WhiteElo "1546"]
[BlackElo "1928"]
[PlyCount "68"]
[EventDate "2002.09.27"]
[EventType "swiss"]
[EventRounds "5"]
[EventCountry "GER"]
[SourceTitle "EXT 2003"]
[Source "ChessBase"]
[SourceDate "2002.11.25"]
[SourceVersion "1"]
[SourceVersionDate "2002.11.25"]
[SourceQuality "1"]

1. e4 d6 2. d4 Nf6 3. f3 Nbd7 4. c4 e5 5. d5 c6 6. Nc3 Be7 7. Be3 Nf8 8. Qd2 Ng6 9. Bd3 Nh5 10. Nge2 h6 11. g3 Bg5 12. Bxg5 hxg5 13. 0-0-0 c5 14. Kb1 Bd7 15. Bc2 a6 16. Rdf1 0-0 17. f4 gxf4 18. gxf4 Bh3 19. Rfg1 Nhxf4 20. Nxf4 Nxf4 21. Ne2 Qh4 22. Rg3 f6 23. Ng1 Bg4 24. Bd1 Bxd1 25. Qxd1 g5 26. Nf3 Qh7 27. Rhg1 Qxe4+ 28. Ka1 Qe2 29. Qa4 b5 30. Qb3 Qxc4 31. Nxg5 fxg5 32. Rxg5+ Kf7 33. Qg3 Qxd5 34. Rf5+ Ke6 0-1

[Event "Erlangen op 17th"]
[Site "Erlangen"]
[Date "2002.??.??"]
[Round "?"]
[White "Novak, Josua"]
[Black "Hohner, Karl Heinz"]
[Result "0-1"]
[WhiteElo "1499"]
[BlackElo "2030"]
[PlyCount "96"]
[EventDate "2002.??.??"]
[EventType "swiss"]
[EventRounds "5"]
[EventCountry "GER"]
[SourceTitle "EXT 2005"]
[Source "ChessBase"]
[SourceDate "2004.11.15"]
[SourceVersion "1"]
[SourceVersionDate "2004.11.15"]
[SourceQuality "1"]

1. e4 e5 2. f4 exf4 3. Nf3 d5 4. exd5 Nf6 5. Bc4 Nxd5 6. d4 Be7 7. 0-0 0-0 8. Bxd5 Qxd5 9. Bxf4 c5 10. Nc3 Qd8 11. Nb5 Na6 12. d5 Bf6 13. Be5 Bxe5 14. Nxe5 Qe8 15. d6 Qxb5 16. d7 Bxd7 17. Qxd7 Qxd7 18. Nxd7 Rfd8 19. Ne5 f6 20. Nf3 Nb4 21. a3 Nxc2 22. Rac1 Nd4 23. Rxc5 Nxf3+ 24. Rxf3 Rac8 25. Rxc8 Rxc8 26. b4 Kf7 27. Re3 Rc2 28. h3 f5 29. Rd3 Ke6 30. Re3+ Kf6 31. Kh2 f4 32. Rd3 Re2 33. Kg1 Re3 34. Rd7 Rxa3 35. Rxb7 Ra2 36. b5 h6 37. Kf1 g5 38. Rb8 h5 39. Ra8 Rb2 40. Rb8 g4 41. hxg4 hxg4 42. Rb7 Kg5 43. Rxa7 Rxb5 44. Rg7+ Kh4 45. Ra7 Kg3 46. Ra3+ f3 47. gxf3 gxf3 48. Rc3 Rb1+ 0-1